Datum a čas kvízu
23.5
Celkem bodů
Celkový počet nahraných bodů na tomto kvízu bez doplňovacích otázek.
10.
Pořadí na kvízu
Konečné umístění týmu na tomto kvízu.
Zaznamenané odpovědi
| # | Otázka | Odpověď | Body | Výsledky |
|---|---|---|---|---|
| 1. | Ministr školství Robert Plaga... | 26. června | 1 | |
| 2. | Minulý týden jsme se dozvěděli... | A | 0 | |
| 3. | Která světově proslulá zpěvačk... | Céline Dion | 1 | |
| 4. | Vláda kterého evropského státu... | Polska | 1 | |
| 5. | „Všichni už jsou v Mexiku, Bue... | 3:1 | 1 | |
| 6. | Vítězné téma facebookového hla... | 1C 2A 3B 4D | 1 | |
| 7. | Ve Formuli 1 můžeme občas zazn... | A | 1 | |
| 8. | Nejvíce velkých cen, k sezóně... | A | 0 | |
| 9. | Tato stáj působila ve Formuli... | Benetton | 0 | |
| 10. | Ve kterém státě se nachází záv... | v Japonsku | 1 |